| 000 | 00698cam a2200217 i 4500 | ||
|---|---|---|---|
| 999 |
_c12410 _d12410 |
||
| 005 | 20240116135858.0 | ||
| 008 | 130301s2013 hiu b s001 0 eng c | ||
| 020 | _a9780824835835 (cloth : alk. paper) | ||
| 042 | _apcc | ||
| 043 | _aa-ii--- | ||
| 082 | 0 | 0 |
_a720.1/08 _223 |
| 100 | 1 |
_aAshraf, Kazi Khaleed, _eauthor. |
|
| 245 | 1 | 4 |
_aThe hermit's hut : _barchitecture and asceticism in India / _cKazi K. Ashraf. |
| 300 |
_axiii, 222 pages ; _c27 cm. |
||
| 490 | 1 | _aSpatial habitus | |
| 504 | _aIncludes bibliographical references (pages 207-215) and index. | ||
| 650 | 0 |
_aBuddhist architecture _zIndia. |
|
| 650 | 0 |
_aAsceticism _xBuddhism. |
|
| 830 | 0 | _aSpatial habitus (Series) | |
| 942 | _2ddc | ||